|
|
|
|
| LEADER |
00932nam a2200265 a 4500 |
| 001 |
3071770 |
| 008 |
091012s1998 maua b 001 0 eng d |
| 010 |
|
|
|a \\\97030777
|
| 020 |
|
|
|a 0070179859 (alk. paper)
|
| 040 |
|
|
|a DLC
|c DLC
|d DLC
|
| 082 |
0 |
0 |
|a 339
|2 21
|
| 100 |
1 |
|
|a Dornbusch, Rudiger.
|
| 245 |
1 |
0 |
|a Macroeconomics /
|c Rudiger Dornbusch, Stanley Fischer, Richard Startz.
|
| 250 |
|
|
|a 7th ed.
|
| 260 |
|
|
|a Boston :
|b McGraw-Hill/Irwin,
|c c1998.
|
| 300 |
|
|
|a xix, 550 p. :
|b col. ill. ;
|c 24 cm.
|
| 504 |
|
|
|a Includes bibliographical references and index.
|
| 541 |
1 |
|
|e 00011207
|
| 650 |
|
0 |
|a Macroeconomics.
|
| 700 |
1 |
|
|a Fischer, Stanley.
|
| 700 |
1 |
|
|a Startz, Richard,
|d 1952-
|
| 852 |
4 |
|
|a Ayesha Abed Library
|j General shelf
|
| 942 |
0 |
0 |
|0 1
|
| 999 |
|
|
|c 7321
|d 7321
|
| 952 |
|
|
|0 0
|1 0
|2 ddc
|4 0
|6 339_DOR_199800000000000
|7 0
|9 7772
|a BRACUL
|b BRACUL
|c GEN
|d 2010-02-03
|l 18
|m 112
|o 339 DOR
|p 3010011207
|r 2019-07-05
|s 2019-06-24
|t 1
|w 2010-02-03
|y BK
|